Warrior Cats Mangas - Statistics

General Stats
  • This quiz has been taken 37 times
  • The average score is 4 of 9
Answer Stats
Answer % Correct
The Rise of Scourge
71%
Graystripe's Adventure
65%
Ravenpaw's Path
59%
A Shadow in Riverclan
53%
Skyclan and the Stranger
53%
Tigerstar and Sasha
53%
A Thief in Thunderclan
29%
Exile from Shadowclan
29%
Winds of Change
29%
No matching quizzes found
Score Distribution
Percent of People with Each Score
Percentile by Number Answered
Your Score History
You have not taken this quiz